000 00453 a2200169 4500
020 _a0697362442
020 _a0072358297
040 _aDLC
_bDLC
082 0 0 _a150
100 1 _aLahey, Benjamin B.
245 1 0 _aPsychology : an introduction
_cBenjamin B. Lahey.
250 _a7th ed.
260 _aBoston :
_bMcGraw Hill,
_cc2001.
300 _a1 v. (various pagings) :
_bill. (some col.) ;
_c28 cm.
650 0 _aPsychology
942 _cBK
_k150 LAH
_2ddc
999 _c6842
_d6842